Religion Quiz

Random Religion or Bible Quiz

First Biblical Words by Character Quiz Stats

Quiz not verified by Sporcle

Also try: Plagues of Egypt
Challenge
Share
Tweet
Embed
Score 0/20 Timer 04:00
0 Plays Today
First Words Who Said It? % Correct
Let There Be LightGod
86.8%
Did God really say, ‘You must not eat from any tree in the garden’Satan
86.8%
Listen to this dream I hadJoseph
73.6%
What will be done for the man who kills this PhilistineDavid
71.7%
You are the Messiah, the Son of the living GodPeter
64.2%
Repent, for the kingdom of heaven has come nearJohn the Baptist
60.4%
As the LORD, the God of Israel, lives, whom I serve, there will be neither dew nor rain in the next few years except at my wordElijah
50.9%
Cursed be Canaan!Noah
41.5%
Perhaps my children have sinned and cursed God in their heartsJob
39.6%
Please test your servants for ten daysDaniel
35.8%
First Words Who Said It? % Correct
Let it be so now; it is proper for us to do this to fulfill all righteousnessJesus
30.2%
Come, let’s go back, or my father will stop thinking about the donkeysSaul
30.2%
I know what a beautiful woman you areAbram
26.4%
Who are you, Lord?Paul
26.4%
Let me kiss my father and mother goodbyeElisha
24.5%
I am a Hebrew and I worship the LORDJonah
22.6%
Alas, Sovereign LORD, I do not know how to speak; I am too youngJeremiah
20.8%
How long are you going to stay drunk?Eli
17%
Brothers, listen to me.James the Just
13.2%
Tell your master, ‘This is what the LORD says: 'Do not be afraid of what you have heard''Isaiah
9.4%

You're not logged in!

Compare scores with friends on all Sporcle quizzes.
Sign Up with Email
OR
Log In

You Might Also Like...

Show Comments

Extras

Top Quizzes Today


Score Distribution

Your Account Isn't Verified!

In order to create a playlist on Sporcle, you need to verify the email address you used during registration. Go to your Sporcle Settings to finish the process.